Statistics for Guess the country

Click here to take the quiz!

General Stats

  • This quiz has been taken 18 times
  • The average score is 3 of 10

Answer Stats

City River PointAnswer% Correct
Newcastle Severn Scafell PikeEngland
88%
Hue Mekong FansipanVietnam
65%
Ipoh Rajang KinibaluMalaysia
41%
Berat Drin KorabAlbania
29%
Veles Vadar KorabMacedonia
24%
Oyem Ogooue BengoueGabon
24%
Kandi Niger SokbaroBenin
24%
Moratuwa Mahaweli PidurugalatalaSriLanka
18%
El Alto Madeira Nevado SajamaBolivia
18%
Klanj Saninja TriglavSlovenia
12%

Score Distribution

Percentile by Number Answered

Percent of People with Each Score

Your Score History

You have not taken this quiz